000 00573nam a2200217 a 4500
001 BRCA_6886
005 20190320205628.0
008 111111s1928----fr-#######---#000-0#fre-#
041 _afre
044 _afr
050 4 _aPQ2216
_b.L5 1928
100 1 _aDaudet, Alphonse
_914910
245 1 0 _aLettres de mon moulin
260 _aParís
_bBibliothèque-Charpentier
_c1928
300 _a332 p.
_c19 cm.
500 _aEstado físico: lomo, cubiertas y algunas páginas rotos
500 _aO84
650 1 4 _aLiteratura francesa
_917153
902 _aGFM
942 _2lcc
_cB
999 _c6568
_d6568